000 00535nam a2200193Ia 4500
001 600
008 140312s9999 xx 000 0 und d
020 _a9698064052
040 _cPK-LaUMT
082 _a 307.112
_bSIL-T
100 _aG. V. S. de Silva
245 _aTowards a theory of rural development
_cG. V. S. de Silva<>Niranjan Mehta<>Wahidul Haque
260 _a"Lahore,Pakistan:"
_b"Professor Publishing Co.,"
_c1988.
300 _a417 p.
546 _aEN
700 _aNiranjan Mehta
700 _aWahidul Haque
942 _cBK
999 _c701
_d701